h1

h2

h3

h4

h5
h6
000720707 001__ 720707
000720707 005__ 20251031111607.0
000720707 0247_ $$2datacite_doi$$a10.18154/RWTH-2018-222921
000720707 037__ $$aRWTH-2018-222921
000720707 041__ $$aEnglish
000720707 1001_ $$aDou, Weiyuan$$b0$$eCorresponding author
000720707 1112_ $$a1. International Railway Symposium Aachen$$cAachen$$d2017-11-28 - 2017-11-30$$gIRSA 2017$$wGermany
000720707 245__ $$aAnalysis of Aerodynamic Load on High Speed Train Car-Body Utilizing Fluid-Structure Interaction Method$$honline
000720707 260__ $$aAachen$$b[RWTH Aachen]$$c2018
000720707 29510 $$aIRSA 2017 : Tagungsband, Proceedings : 1st International Railway Symposium Aachen, Aachen, Germany, 28-30 November 2017 / Herausgeber Univ.-Prof. Dr. ir. Dr. h. c. De Doncker, Rik W. (Institut für Stromrichtertechnik und elektrische Antriebe (ISEA), Aachen), Univ.-Prof. Dr.-Ing. Nießen, Nils (Verkehrswissenschaftliches Institut (VIA), Aachen), Univ.-Prof. Dr.-Ing. Schindler, Christian (Institut für Schienenfahrzeuge und Transportsysteme (IFS)/Institute of Rail Vehicles and Transport Systems
000720707 300__ $$a182-192
000720707 3367_ $$033$$2EndNote$$aConference Paper
000720707 3367_ $$0PUB:(DE-HGF)8$$2PUB:(DE-HGF)$$aContribution to a conference proceedings$$bcontrib$$mcontrib
000720707 3367_ $$2BibTeX$$aINPROCEEDINGS
000720707 3367_ $$2DRIVER$$aconferenceObject
000720707 3367_ $$2DataCite$$aOutput Types/Conference Paper
000720707 3367_ $$2ORCID$$aCONFERENCE_PAPER
000720707 500__ $$aVeröffentlicht auf dem Publikationsserver der RWTH Aachen University
000720707 591__ $$aPeoples R China
000720707 591__ $$aSweden
000720707 7001_ $$aZhang, Lele$$b1$$eCorresponding author
000720707 7001_ $$aStichel, Sebastian$$b2$$eCorresponding author
000720707 7870_ $$0RWTH-2018-01320$$iHasPart
000720707 8564_ $$uhttps://publications.rwth-aachen.de/record/720707/files/720707.pdf$$yOpenAccess
000720707 909CO $$ooai:publications.rwth-aachen.de:720707$$popenaire$$popen_access$$pdriver$$pdnbdelivery
000720707 9141_ $$y2018
000720707 915__ $$0StatID:(DE-HGF)0510$$2StatID$$aOpenAccess
000720707 915__ $$0StatID:(DE-HGF)10000$$2StatID$$aHosted Content
000720707 961__ $$c2018-03-19T15:01:17.301032$$x2018-03-16T11:34:06.042974$$z2021-03-18
000720707 9801_ $$aEXTERN4COORD
000720707 9801_ $$aUNRESTRICTED
000720707 9801_ $$aFullTexts
000720707 980__ $$aI:(DE-HGF)0
000720707 980__ $$aUNRESTRICTED
000720707 980__ $$acontrib